[Event "EU-chT U18"]
[Site "Rhodes"]
[Date "2024.06.22"]
[Round "2.1"]
[White "Gschiel, Alexander"]
[Black "Rozen, Eytan"]
[Result "0-1"]
[WhiteElo "2383"]
[BlackElo "2495"]
[PlyCount "64"]
[EventDate "2024.06.21"]
[EventType "team-swiss"]
[EventRounds "7"]
[EventCountry "GRE"]
[SourceTitle "CBM 220 Extra"]
[Source "ChessBase"]
[SourceDate "2024.07.31"]
[SourceVersion "1"]
[SourceVersionDate "2024.07.31"]
[SourceQuality "1"]
[WhiteTeam "Austria U18"]
[BlackTeam "Israel U18"]
[WhiteTeamCountry "AUT"]
[BlackTeamCountry "ISR"]

1. d4 d5 2. Nf3 Nf6 3. c4 c6 4. cxd5 cxd5 5. Nc3 Nc6 6. Bf4 a6 7. e3 Bg4 8. h3 Bxf3 9. Qxf3 e6 10. Bd3 h6 11. 0-0 Bd6 12. Rac1 0-0 13. Na4 e5 14. dxe5 Nxe5 15. Bxe5 Bxe5 16. Rfd1 Qa5 17. Nc5 Bxb2 18. Nxb7 Qxa2 19. Rc2 Rfc8 20. Rxc8+ Rxc8 21. Nd6 Rd8 22. Nf5 Qa4 23. Qe2 a5 24. Rb1 Rb8 25. Nd4 Ne4 26. Bb5 Bxd4 27. Bxa4 Rxb1+ 28. Kh2 Be5+ 29. f4 Rh1+ 30. Kxh1 Ng3+ 31. Kh2 Nxe2 32. fxe5 Nc3 0-1

[Event "AUT-ch Blitz"]
[Site "Innsbruck"]
[Date "2024.06.01"]
[Round "10"]
[White "Gschiel, Alexander"]
[Black "Binder, Moriz"]
[Result "1-0"]
[WhiteElo "2021"]
[BlackElo "2172"]
[PlyCount "77"]
[EventDate "2024.06.01"]
[EventType "swiss (blitz)"]
[EventRounds "11"]
[EventCountry "AUT"]
[SourceTitle "CBM 220 Extra"]
[Source "ChessBase"]
[SourceDate "2024.07.31"]
[SourceVersion "1"]
[SourceVersionDate "2024.07.31"]
[SourceQuality "1"]

1. d4 Nf6 2. c4 e6 3. Nf3 d5 4. g3 Be7 5. Bg2 0-0 6. 0-0 dxc4 7. Qc2 b5 8. a4 b4 9. Ne5 Nd5 10. Nxc4 Nd7 11. Na5 c5 12. Nc6 Qe8 13. Nxe7+ Qxe7 14. e4 N5f6 15. dxc5 Qxc5 16. Qb3 Ba6 17. Be3 Qc4 18. Qxc4 Bxc4 19. Rc1 Rfc8 20. Nd2 Bd3 21. Rxc8+ Rxc8 22. Bxa7 Rc2 23. Be3 Rxb2 24. a5 Ba6 25. Bf1 Nb8 26. Rc1 h6 27. Bxa6 Nxa6 28. Rc6 Ng4 29. Nf1 Nxe3 30. Nxe3 Ra2 31. Rxa6 b3 32. Rb6 b2 33. Kg2 g5 34. Nc4 Ra4 35. Nxb2 Rxa5 36. Nc4 Ra4 37. Nd6 Rd4 38. e5 Rd5 39. Rb5 1-0

[Event "AUT-ch Blitz"]
[Site "Innsbruck"]
[Date "2024.06.01"]
[Round "6"]
[White "Gschiel, Alexander"]
[Black "Kranzl, Peter"]
[Result "1-0"]
[WhiteElo "2021"]
[BlackElo "2203"]
[PlyCount "159"]
[EventDate "2024.06.01"]
[EventType "swiss (blitz)"]
[EventRounds "11"]
[EventCountry "AUT"]
[SourceTitle "CBM 220 Extra"]
[Source "ChessBase"]
[SourceDate "2024.07.31"]
[SourceVersion "1"]
[SourceVersionDate "2024.07.31"]
[SourceQuality "1"]

1. d4 Nf6 2. c4 c5 3. d5 b5 4. cxb5 a6 5. bxa6 g6 6. Nc3 Bg7 7. e4 0-0 8. Nf3 d6 9. Be2 Qa5 10. 0-0 Bxa6 11. a4 Nfd7 12. Nd2 Ne5 13. f4 Nd3 14. Bxd3 Bxd3 15. Nb3 Qa6 16. Rf3 Bxc3 17. Qxd3 Qxd3 18. Rxd3 Bf6 19. Nd2 Na6 20. Nc4 Nb4 21. Rd1 Bd4+ 22. Kf1 Rfb8 23. a5 f5 24. e5 dxe5 25. fxe5 Nxd5 26. Ra3 Kf7 27. Ke2 Ke6 28. a6 Rb4 29. Kd3 Nc7 30. Bd2 Rb5 31. Rda1 Kd5 32. Be3 Bxe3 33. Nxe3+ Kxe5 34. Nc4+ Kd5 35. Re1 e6 36. Re5+ Kc6 37. Re1 Kd5 38. Re5+ Kc6 39. Re1 Ra7 40. Kc3 Nd5+ 41. Kd3 Nc7 42. Kc3 Kd7 43. Kd3 Kc6 44. Kc3 Rb4 45. Kd3 Kd7 46. Ne5+ Kd6 47. Nc4+ Kd5 48. Re5+ Kc6 49. Re1 Kb5 50. Nd6+ Kc6 51. Nc4 Ra8 52. Ra5 Rb3+ 53. Kc2 Rb5 54. Ra3 Kd7 55. Ne5+ Ke7 56. Kc3 Rxa6 57. Rxa6 Nxa6 58. Ra1 Nb4 59. Ra7+ Kf6 60. Nd7+ Kg5 61. Nf8 e5 62. Nxh7+ Kf4 63. Nf6 Rb8 64. Rc7 Kg5 65. Rf7 e4 66. Nd7 Rc8 67. g3 Nd5+ 68. Kc4 Ne3+ 69. Kc3 Nf1 70. Ne5 Nxh2 71. Re7 Nf1 72. Re6 Nxg3 73. Rxg6+ Kf4 74. Nc4 Rd8 75. Rc6 Rd3+ 76. Kc2 Ne2 77. Rxc5 Nd4+ 78. Kc1 e3 79. Ne5 Rd2 80. Ng6+ 1-0

[Event "AUT-ch Blitz"]
[Site "Innsbruck"]
[Date "2024.06.01"]
[Round "11"]
[White "Wohlfahrt, Herbert J"]
[Black "Gschiel, Alexander"]
[Result "1/2-1/2"]
[WhiteElo "2347"]
[BlackElo "2021"]
[PlyCount "162"]
[EventDate "2024.06.01"]
[EventType "swiss (blitz)"]
[EventRounds "11"]
[EventCountry "AUT"]
[SourceTitle "CBM 220 Extra"]
[Source "ChessBase"]
[SourceDate "2024.07.31"]
[SourceVersion "1"]
[SourceVersionDate "2024.07.31"]
[SourceQuality "1"]

1. Nf3 d5 2. c4 e6 3. g3 Nf6 4. Bg2 Be7 5. 0-0 0-0 6. b3 d4 7. e3 c5 8. exd4 cxd4 9. Re1 Nc6 10. Ba3 Re8 11. d3 a5 12. Bxe7 Qxe7 13. a3 Qc7 14. Nbd2 e5 15. Qc2 Bd7 16. Rab1 Qd6 17. c5 Qc7 18. b4 axb4 19. axb4 Nd5 20. b5 Ncb4 21. Qc4 Qa5 22. Nxe5 Bxb5 23. Qxd4 Nc2 24. Qxd5 Nxe1 25. Nxf7 Qa2 26. Qxa2 Rxa2 27. Bd5 Rxd2 28. Nd6+ Kf8 29. Nxe8 Bxe8 30. Rxe1 Rxd3 31. Bxb7 Rb3 32. c6 Rc3 33. Re6 Kf7 34. Rd6 Ke7 35. Rd4 Bxc6 36. Bxc6 Rxc6 37. Kg2 Rc2 38. g4 Kf6 39. Kg3 h6 40. Rd6+ Kf7 41. h4 Rc3+ 42. f3 Ra3 43. h5 Ra4 44. Rc6 Rb4 45. Rc3 Ra4 46. Re3 Rb4 47. Re4 Rb6 48. Kf4 Rf6+ 49. Ke3 Ra6 50. Rb4 Ra3+ 51. Kf4 Ra5 52. Re4 Kf6 53. Rc4 Kf7 54. Ke4 Kf6 55. Rd4 Re5+ 56. Kf4 Ra5 57. Rd6+ Kf7 58. Rb6 Ra4+ 59. Kg3 Ra3 60. Rd6 Rb3 61. Rd4 Ra3 62. Kf4 Rb3 63. Re4 Ra3 64. Re3 Ra4+ 65. Kf5 Ra5+ 66. Re5 Ra6 67. f4 Ra7 68. Rb5 Rc7 69. Ra5 Rb7 70. Ke5 Re7+ 71. Kf5 Rb7 72. Rd5 Ra7 73. g5 hxg5 74. fxg5 g6+ 75. hxg6+ Kg7 76. Re5 Ra6 77. Re7+ Kg8 78. Rf7 Ra5+ 79. Kg4 Ra1 80. Rb7 Rg1+ 81. Kf5 Rf1+ 1/2-1/2

[Event "AUT-ch Rapid"]
[Site "Innsbruck"]
[Date "2024.05.30"]
[Round "3"]
[White "Gschiel, Alexander"]
[Black "Falkensteiner, Benjamin"]
[Result "1-0"]
[WhiteElo "2061"]
[BlackElo "1905"]
[PlyCount "69"]
[EventDate "2024.05.30"]
[EventType "swiss (rapid)"]
[EventRounds "9"]
[EventCountry "AUT"]
[SourceTitle "CBM 220 Extra"]
[Source "ChessBase"]
[SourceDate "2024.07.31"]
[SourceVersion "1"]
[SourceVersionDate "2024.07.31"]
[SourceQuality "1"]

1. d4 Nf6 2. c4 g6 3. Nc3 Bg7 4. e4 d6 5. Be2 0-0 6. Nf3 Qe8 7. 0-0 e5 8. d5 a5 9. h3 Na6 10. Be3 Nd7 11. Nd2 f5 12. f3 f4 13. Bf2 g5 14. a3 Rf6 15. b4 Rh6 16. Re1 Qh5 17. Nb3 Nf6 18. Bf1 g4 19. fxg4 Bxg4 20. Be2 Bxe2 21. Qxe2 Qg5 22. Qf3 Rf8 23. Nxa5 b6 24. Nc6 Nh5 25. h4 Qf6 26. Rf1 Kh8 27. a4 Rg8 28. a5 Bf8 29. axb6 Ng3 30. Bxg3 Rxg3 31. Qxg3 Rxh4 32. Rxa6 Qh6 33. Qf3 Rh1+ 34. Kf2 Qh4+ 35. Ke2 1-0

[Event "AUT-ch Rapid"]
[Site "Innsbruck"]
[Date "2024.05.30"]
[Round "4"]
[White "Kruckenhauser, Arthur"]
[Black "Gschiel, Alexander"]
[Result "1/2-1/2"]
[WhiteElo "2308"]
[BlackElo "2061"]
[PlyCount "50"]
[EventDate "2024.05.30"]
[EventType "swiss (rapid)"]
[EventRounds "9"]
[EventCountry "AUT"]
[SourceTitle "CBM 220 Extra"]
[Source "ChessBase"]
[SourceDate "2024.07.31"]
[SourceVersion "1"]
[SourceVersionDate "2024.07.31"]
[SourceQuality "1"]

1. d4 Nf6 2. Nf3 e6 3. c3 d5 4. Bg5 Be7 5. Nbd2 Nbd7 6. e3 h6 7. Bh4 0-0 8. Bd3 c5 9. 0-0 Qc7 10. Rc1 b6 11. c4 dxc4 12. Bxc4 Qd8 13. a3 Bb7 14. Qe2 Ne4 15. Bxe7 Qxe7 16. Nxe4 Bxe4 17. dxc5 Nxc5 18. b4 Nd7 19. Ba6 Nb8 20. Nd2 Bxg2 21. Kxg2 Qg5+ 22. Kh3 Qf5+ 23. Kg3 Qg5+ 24. Kh3 Qf5+ 25. Kg3 Qg5+ 1/2-1/2